College Quizbowl Stats
College Quizbowl Stats
Circuits
Seasons
Sets
Records
Detailed Stats
About
Loading...
2023 ACF Nationals
Tossups
Bonuses
Players
Teams
Categories (Tossup)
Categories (Bonus)
Jeffrey Fung
Harvard A
Categories
Category
Powers
Gets
Negs
BBs
Points
Earliest Buzz
Avg. Buzz
First Buzzes
Top 3 Buzzes
BPA
PVF
Literature - European
0
2
0
0
20
120
127.00
0
0
0.00
0.00
Fine Arts - Painting & Sculpture
0
1
0
0
10
168
168.00
0
0
0.00
0.00
History - Other
0
1
0
0
10
103
103.00
0
0
0.00
0.00
Social Science
0
1
0
0
10
106
106.00
0
0
0.00
0.00
Buzzes
Category
Answer
Value
Buzz Position
History - Other
gens Claudia
10
103
Social Science
accusative case
10
106
Literature - European
Prometheus Bound
10
120
Literature - European
Pindar
10
134
Fine Arts - Painting & Sculpture
Otto
10
168
Previous
1
Next